[Event "DEM U10w 2018"]
[Site "Willingen GER"]
[Date "2018.05.26"]
[Round "11"]
[White "Ottlik, Marie"]
[Black "Peglau, Charis"]
[Result "1/2-1/2"]
[Termination "normal"]
[Board "1"]
[WhiteElo "1190"]
[BlackElo "1324"]
[WhiteClock "00:51:46"]
[BlackClock "00:55:21"]
[PlyCount "43"]
[WhiteFideId "16281730"]
[BlackFideId "16219996"]
[EventCountry "GER"]
[EventRounds "11"]
[EventType "swiss"]
[EventDate "2018.05.19"]

1. e4 {[%clk 1:15:56]} 1... c5 {[%clk 1:15:55]} 2. Nf3 {[%clk 1:16:18]} 2...
Nc6 {[%clk 1:16:20]} 3. d4 {[%clk 1:16:33]} 3... cxd4 {[%clk 1:16:41]} 4. Nxd4
{[%clk 1:16:52]} 4... Nf6 {[%clk 1:16:07]} 5. Nc3 {[%clk 1:16:32]} 5... g6 {
[%clk 1:14:40]} 6. Bc4 {[%clk 1:15:38]} 6... Bg7 {[%clk 1:14:55]} 7. Nf3 {
[%clk 1:15:04]} 7... O-O {[%clk 1:14:26]} 8. O-O {[%clk 1:15:02]} 8... b6 {
[%clk 1:13:57]} 9. Re1 {[%clk 1:14:07]} 9... Bb7 {[%clk 1:14:04]} 10. Bg5 {
[%clk 1:13:55]} 10... Rc8 {[%clk 1:10:51]} 11. Bb3 {[%clk 1:10:28]} 11... Na5 {
[%clk 1:02:20]} 12. Qd2 {[%clk 1:08:30]} 12... Nc4 {[%clk 1:02:05]} 13. Bxc4 {
[%clk 1:08:09]} 13... Rxc4 {[%clk 1:02:19]} 14. Qd3 {[%clk 1:05:47]} 14... Rc8
{[%clk 1:01:48]} 15. Rad1 {[%clk 1:04:56]} 15... d6 {[%clk 1:01:59]} 16. Nd5 {
[%clk 1:02:41]} 16... Nxd5 {[%clk 1:00:18]} 17. exd5 {[%clk 1:02:33]} 17... Re8
{[%clk 1:00:23]} 18. c3 {[%clk 1:01:14]} 18... Qd7 {[%clk 0:58:52]} 19. Qd2 {
[%clk 0:58:35]} 19... Rc7 {[%clk 0:55:58]} 20. Bh6 {[%clk 0:54:29]} 20... Bh8 {
[%clk 0:55:41]} 21. Re3 {[%clk 0:52:56]} 21... Rc5 {[%clk 0:55:21]} 22. Rd3 {
[%clk 0:51:46]} 1/2-1/2

[Event "DEM U10w 2018"]
[Site "Willingen GER"]
[Date "2018.05.26"]
[Round "11"]
[White "Arnold, Rubina"]
[Black "Trunz, Michelle"]
[Result "1-0"]
[Termination "normal"]
[Board "2"]
[WhiteElo "1133"]
[BlackElo "1312"]
[WhiteClock "00:30:11"]
[BlackClock "00:34:38"]
[PlyCount "133"]
[WhiteFideId "16276272"]
[BlackFideId "16227980"]
[EventCountry "GER"]
[EventRounds "11"]
[EventType "swiss"]
[EventDate "2018.05.19"]

1. e4 {[%clk 1:15:57]} 1... c5 {[%clk 1:15:54]} 2. Nf3 {[%clk 1:16:19]} 2... d6
{[%clk 1:16:12]} 3. c3 {[%clk 1:16:41]} 3... Nf6 {[%clk 1:16:24]} 4. Be2 {
[%clk 1:16:58]} 4... e6 {[%clk 1:16:42]} 5. O-O {[%clk 1:16:36]} 5... Be7 {
[%clk 1:16:56]} 6. Bc4 {[%clk 1:11:35]} 6... Nxe4 {[%clk 1:16:04]} 7. Qa4+ {
[%clk 1:10:52]} 7... Bd7 {[%clk 1:15:59]} 8. Bb5 {[%clk 1:10:53]} 8... Bxb5 {
[%clk 1:15:51]} 9. Qxb5+ {[%clk 1:10:52]} 9... Qd7 {[%clk 1:16:00]} 10. Qe2 {
[%clk 1:09:51]} 10... Nf6 {[%clk 1:15:57]} 11. d4 {[%clk 1:10:04]} 11... cxd4 {
[%clk 1:15:35]} 12. cxd4 {[%clk 1:10:21]} 12... O-O {[%clk 1:15:35]} 13. Nc3 {
[%clk 1:09:55]} 13... Nc6 {[%clk 1:15:51]} 14. Bf4 {[%clk 1:08:26]} 14... Nb4 {
[%clk 1:14:31]} 15. a3 {[%clk 1:05:56]} 15... Nbd5 {[%clk 1:14:36]} 16. Bd2 {
[%clk 1:05:13]} 16... Rac8 {[%clk 1:14:19]} 17. Rac1 {[%clk 1:00:26]} 17... a6
{[%clk 1:12:17]} 18. Rfe1 {[%clk 0:58:01]} 18... Nxc3 {[%clk 1:11:40]} 19. bxc3
{[%clk 0:58:12]} 19... b5 {[%clk 1:11:36]} 20. c4 {[%clk 0:56:16]} 20... bxc4 {
[%clk 1:11:33]} 21. Rxc4 {[%clk 0:56:26]} 21... Rb8 {[%clk 1:07:29]} 22. Rec1 {
[%clk 0:55:32]} 22... Bd8 {[%clk 0:53:49]} 23. Rc6 {[%clk 0:46:08]} 23... a5 {
[%clk 0:53:48]} 24. Qa6 {[%clk 0:42:55]} 24... d5 {[%clk 0:51:17]} 25. Bxa5 {
[%clk 0:42:47]} 25... Bxa5 {[%clk 0:51:02]} 26. Qxa5 {[%clk 0:42:53]} 26... Ra8
{[%clk 0:50:14]} 27. Qb4 {[%clk 0:42:20]} 27... Qa7 {[%clk 0:49:56]} 28. Ra1 {
[%clk 0:41:16]} 28... Rfb8 {[%clk 0:49:15]} 29. Qc3 {[%clk 0:39:51]} 29... Ne4
{[%clk 0:48:54]} 30. Qc2 {[%clk 0:39:53]} 30... h6 {[%clk 0:47:55]} 31. a4 {
[%clk 0:39:52]} 31... Rb4 {[%clk 0:45:50]} 32. a5 {[%clk 0:39:25]} 32... Rb5 {
[%clk 0:45:48]} 33. a6 {[%clk 0:35:14]} 33... Qb7 {[%clk 0:42:34]} 34. h3 {
[%clk 0:32:38]} 34... Qd7 {[%clk 0:39:55]} 35. Rc7 {[%clk 0:32:02]} 35... Rb2 {
[%clk 0:36:24]} 36. Rxd7 {[%clk 0:32:00]} 36... Rxc2 {[%clk 0:36:46]} 37. Rb7 {
[%clk 0:32:00]} 37... Rcc8 {[%clk 0:36:06]} 38. a7 {[%clk 0:31:55]} 38... Nd6 {
[%clk 0:36:05]} 39. Rd7 {[%clk 0:31:56]} 39... Nc4 {[%clk 0:35:26]} 40. Ne5 {
[%clk 0:31:06]} 40... Nxe5 {[%clk 0:35:23]} 41. dxe5 {[%clk 0:28:46]} 41... Kf8
{[%clk 0:35:36]} 42. Rb1 {[%clk 0:29:01]} 42... Ke8 {[%clk 0:35:15]} 43. Rbb7 {
[%clk 0:29:20]} 43... Rc1+ {[%clk 0:33:09]} 44. Kh2 {[%clk 0:27:12]} 44... Rb1
{[%clk 0:31:26]} 45. Kg3 {[%clk 0:27:00]} 45... d4 {[%clk 0:30:39]} 46. Rdc7 {
[%clk 0:26:00]} 46... Kd8 {[%clk 0:29:50]} 47. Rxf7 {[%clk 0:26:17]} 47... Rxb7
{[%clk 0:30:02]} 48. Rxb7 {[%clk 0:26:33]} 48... d3 {[%clk 0:30:05]} 49. Rb8+ {
[%clk 0:26:53]} 49... Kc7 {[%clk 0:30:03]} 50. Rxa8 {[%clk 0:27:07]} 50... d2 {
[%clk 0:29:52]} 51. Rd8 {[%clk 0:27:26]} 51... Kxd8 {[%clk 0:29:40]} 52. a8=Q+
{[%clk 0:27:41]} 52... Kc7 {[%clk 0:29:54]} 53. Qf3 {[%clk 0:27:59]} 53... g5 {
[%clk 0:29:52]} 54. Qd3 {[%clk 0:28:12]} 54... h5 {[%clk 0:29:56]} 55. Qxd2 {
[%clk 0:28:33]} 55... h4+ {[%clk 0:30:14]} 56. Kf3 {[%clk 0:28:54]} 56... Kc6 {
[%clk 0:30:35]} 57. Qd6+ {[%clk 0:29:04]} 57... Kb5 {[%clk 0:30:57]} 58. Qc7 {
[%clk 0:29:22]} 58... Kb4 {[%clk 0:31:22]} 59. Ke2 {[%clk 0:29:25]} 59... g4 {
[%clk 0:31:47]} 60. hxg4 {[%clk 0:29:39]} 60... h3 {[%clk 0:32:12]} 61. gxh3 {
[%clk 0:28:40]} 61... Kb3 {[%clk 0:32:37]} 62. Kd2 {[%clk 0:28:52]} 62... Kb4 {
[%clk 0:33:02]} 63. Kd3 {[%clk 0:29:08]} 63... Kb5 {[%clk 0:33:28]} 64. Kd4 {
[%clk 0:29:25]} 64... Ka6 {[%clk 0:33:50]} 65. Qb8 {[%clk 0:29:39]} 65... Ka5 {
[%clk 0:34:15]} 66. Kc4 {[%clk 0:29:54]} 66... Ka6 {[%clk 0:34:38]} 67. Kc5 {
[%clk 0:30:11]} 1-0

[Event "DEM U10w 2018"]
[Site "Willingen GER"]
[Date "2018.05.26"]
[Round "11"]
[White "Peglau, Dora"]
[Black "Bräutigam, Katerina"]
[Result "0-1"]
[Termination "normal"]
[Board "3"]
[WhiteElo "1203"]
[BlackElo "1728"]
[WhiteClock "00:10:26"]
[BlackClock "00:01:47"]
[PlyCount "100"]
[WhiteFideId "16220005"]
[BlackFideId "16242980"]
[EventCountry "GER"]
[EventRounds "11"]
[EventType "swiss"]
[EventDate "2018.05.19"]

1. e4 {[%clk 1:15:59]} 1... d5 {[%clk 1:15:53]} 2. exd5 {[%clk 1:16:21]} 2...
Qxd5 {[%clk 1:16:17]} 3. Nf3 {[%clk 1:16:43]} 3... Nf6 {[%clk 1:16:26]} 4. Nc3
{[%clk 1:16:57]} 4... Qa5 {[%clk 1:16:42]} 5. d4 {[%clk 1:17:12]} 5... c6 {
[%clk 1:17:00]} 6. Bd2 {[%clk 1:17:11]} 6... Bf5 {[%clk 1:16:34]} 7. Bc4 {
[%clk 1:15:49]} 7... Qb6 {[%clk 1:13:02]} 8. Na4 {[%clk 1:03:57]} 8... Qc7 {
[%clk 1:12:27]} 9. Nc5 {[%clk 1:01:52]} 9... Nbd7 {[%clk 1:02:06]} 10. Nxd7 {
[%clk 0:57:01]} 10... Nxd7 {[%clk 1:02:19]} 11. O-O {[%clk 0:54:01]} 11... e6 {
[%clk 1:02:24]} 12. Nh4 {[%clk 0:52:59]} 12... Bg6 {[%clk 1:02:21]} 13. Nxg6 {
[%clk 0:53:20]} 13... hxg6 {[%clk 1:02:37]} 14. h3 {[%clk 0:53:29]} 14... Be7 {
[%clk 0:59:26]} 15. Re1 {[%clk 0:53:02]} 15... O-O-O {[%clk 0:40:21]} 16. Bb3 {
[%clk 0:49:13]} 16... Rh4 {[%clk 0:38:18]} 17. d5 {[%clk 0:47:05]} 17... cxd5 {
[%clk 0:27:31]} 18. Bxd5 {[%clk 0:47:08]} 18... Nb6 {[%clk 0:24:51]} 19. Be4 {
[%clk 0:14:33]} 19... Bc5 {[%clk 0:13:56]} 20. Qe2 {[%clk 0:14:04]} 20... Qg3 {
[%clk 0:06:25]} 21. Kh1 {[%clk 0:08:46]} 21... Bxf2 {[%clk 0:05:49]} 22. Qf3 {
[%clk 0:06:33]} 22... Qxf3 {[%clk 0:05:45]} 23. Bxf3 {[%clk 0:06:48]} 23...
Rxd2 {[%clk 0:05:33]} 24. Re2 {[%clk 0:06:23]} 24... Rxe2 {[%clk 0:05:50]} 25.
Bxe2 {[%clk 0:06:47]} 25... Re4 {[%clk 0:06:11]} 26. Bf3 {[%clk 0:06:45]} 26...
Re1+ {[%clk 0:06:36]} 27. Rxe1 {[%clk 0:07:07]} 27... Bxe1 {[%clk 0:07:02]} 28.
Kg1 {[%clk 0:07:23]} 28... Nd5 {[%clk 0:07:15]} 29. Kf1 {[%clk 0:07:42]} 29...
Ba5 {[%clk 0:07:28]} 30. Kf2 {[%clk 0:07:28]} 30... Nb4 {[%clk 0:07:48]} 31. c3
{[%clk 0:07:25]} 31... Nd3+ {[%clk 0:07:45]} 32. Ke3 {[%clk 0:07:38]} 32...
Nxb2 {[%clk 0:07:46]} 33. Kd4 {[%clk 0:07:53]} 33... Kc7 {[%clk 0:07:32]} 34.
Be2 {[%clk 0:07:06]} 34... Kd6 {[%clk 0:07:11]} 35. Bb5 {[%clk 0:07:09]} 35...
e5+ {[%clk 0:06:43]} 36. Ke4 {[%clk 0:07:20]} 36... Bxc3 {[%clk 0:06:44]} 37.
Be8 {[%clk 0:07:22]} 37... Ke6 {[%clk 0:06:37]} 38. Bb5 {[%clk 0:07:42]} 38...
a6 {[%clk 0:06:25]} 39. Be2 {[%clk 0:08:01]} 39... b5 {[%clk 0:06:14]} 40. g4 {
[%clk 0:08:11]} 40... Nc4 {[%clk 0:05:14]} 41. Kd3 {[%clk 0:08:13]} 41... Bd4 {
[%clk 0:04:44]} 42. Ke4 {[%clk 0:08:28]} 42... f5+ {[%clk 0:03:50]} 43. gxf5+ {
[%clk 0:08:43]} 43... gxf5+ {[%clk 0:04:14]} 44. Kd3 {[%clk 0:08:48]} 44... Kd5
{[%clk 0:03:15]} 45. Kc2 {[%clk 0:09:03]} 45... e4 {[%clk 0:03:01]} 46. h4 {
[%clk 0:09:22]} 46... f4 {[%clk 0:02:15]} 47. Bxc4+ {[%clk 0:09:27]} 47... Kxc4
{[%clk 0:02:15]} 48. Kd2 {[%clk 0:09:51]} 48... e3+ {[%clk 0:01:17]} 49. Ke2 {
[%clk 0:10:16]} 49... f3+ {[%clk 0:01:25]} 50. Kxf3 {[%clk 0:10:26]} 50... Kd3
{[%clk 0:01:47]} 0-1

[Event "DEM U10w 2018"]
[Site "Willingen GER"]
[Date "2018.05.26"]
[Round "11"]
[White "Praus, Pia-Rosa"]
[Black "Stepanjan, Marianne"]
[Result "0-1"]
[Termination "normal"]
[Board "4"]
[WhiteElo "1055"]
[BlackElo "1246"]
[WhiteClock "00:41:36"]
[BlackClock "00:42:34"]
[PlyCount "64"]
[WhiteFideId "16271815"]
[BlackFideId "16246110"]
[EventCountry "GER"]
[EventRounds "11"]
[EventType "swiss"]
[EventDate "2018.05.19"]

1. d4 {[%clk 1:15:57]} 1... d5 {[%clk 1:15:49]} 2. Bf4 {[%clk 1:15:28]} 2...
Bf5 {[%clk 1:16:13]} 3. e3 {[%clk 1:14:48]} 3... e6 {[%clk 1:16:38]} 4. c3 {
[%clk 1:14:11]} 4... Nf6 {[%clk 1:16:32]} 5. Bd3 {[%clk 1:13:16]} 5... Bxd3 {
[%clk 1:15:31]} 6. Qxd3 {[%clk 1:13:24]} 6... Bd6 {[%clk 1:15:40]} 7. Bg3 {
[%clk 1:12:42]} 7... O-O {[%clk 1:15:41]} 8. Nf3 {[%clk 1:11:59]} 8... c5 {
[%clk 1:13:30]} 9. Nbd2 9... c4 {[%clk 1:13:41]} 10. Qc2 {[%clk 1:10:29]} 10...
Nc6 {[%clk 1:12:46]} 11. Ne5 {[%clk 1:05:56]} 11... Qc7 {[%clk 1:06:56]} 12.
Ndf3 {[%clk 1:04:56]} 12... Ne4 {[%clk 1:06:17]} 13. O-O-O {[%clk 0:57:32]}
13... f6 {[%clk 1:05:27]} 14. Nxc6 {[%clk 0:56:30]} 14... bxc6 {[%clk 1:05:12]}
15. Rde1 {[%clk 0:54:41]} 15... a5 {[%clk 1:02:25]} 16. Kd1 {[%clk 0:52:16]}
16... a4 {[%clk 1:02:23]} 17. a3 {[%clk 0:51:27]} 17... Rfb8 {[%clk 0:55:39]}
18. Ke2 {[%clk 0:50:20]} 18... Rb3 {[%clk 0:52:21]} 19. Ra1 {[%clk 0:46:57]}
19... Rab8 {[%clk 0:49:33]} 20. Ra2 {[%clk 0:46:16]} 20... Qb6 {[%clk 0:45:49]}
21. Bxd6 {[%clk 0:44:04]} 21... Nxd6 {[%clk 0:46:02]} 22. Nd2 {[%clk 0:42:20]}
22... Rxb2 {[%clk 0:42:11]} 23. Rxb2 {[%clk 0:42:28]} 23... Qxb2 { [%clk
0:42:27]} 24. Qxb2 {[%clk 0:42:34]} 24... Rxb2 {[%clk 0:42:48]} 25. Kd1 { [%clk
0:41:09]} 25... Ne4 {[%clk 0:42:12]} 26. Nxe4 {[%clk 0:40:38]} 26... Rb1+
{[%clk 0:42:25]} 27. Kc2 {[%clk 0:40:48]} 27... Rxh1 {[%clk 0:42:50]} 28. Nc5 {
[%clk 0:41:05]} 28... Rxh2 {[%clk 0:42:55]} 29. Nxe6 {[%clk 0:40:45]} 29...
Rxg2 {[%clk 0:42:55]} 30. Nc5 {[%clk 0:41:03]} 30... Rxf2+ {[%clk 0:43:13]} 31.
Kd1 {[%clk 0:41:17]} 31... Ra2 {[%clk 0:42:18]} 32. Nxa4 {[%clk 0:41:36]} 32...
Rxa3 {[%clk 0:42:34]} 0-1

[Event "DEM U10w 2018"]
[Site "Willingen GER"]
[Date "2018.05.26"]
[Round "11"]
[White "Englert, Lin"]
[Black "Sickmann, Lisa"]
[Result "1-0"]
[Termination "normal"]
[Board "5"]
[WhiteElo "1316"]
[BlackElo "1119"]
[WhiteClock "00:29:03"]
[BlackClock "01:02:44"]
[PlyCount "65"]
[WhiteFideId "16226410"]
[BlackFideId "16267818"]
[EventCountry "GER"]
[EventRounds "11"]
[EventType "swiss"]
[EventDate "2018.05.19"]

1. e4 {[%clk 1:15:59]} 1... e5 {[%clk 1:15:56]} 2. Bc4 {[%clk 1:16:18]} 2...
Nf6 {[%clk 1:16:10]} 3. d3 {[%clk 1:16:23]} 3... Bc5 {[%clk 1:16:19]} 4. Nc3 {
[%clk 1:15:52]} 4... Nc6 {[%clk 1:16:36]} 5. h3 {[%clk 1:15:16]} 5... d6 {
[%clk 1:16:52]} 6. Nge2 {[%clk 1:13:47]} 6... Be6 {[%clk 1:16:58]} 7. Bb3 {
[%clk 1:13:41]} 7... h6 {[%clk 1:17:16]} 8. Ng3 {[%clk 1:13:42]} 8... O-O {
[%clk 1:17:26]} 9. Qf3 {[%clk 1:12:41]} 9... Nd4 {[%clk 1:16:59]} 10. Qd1 {
[%clk 1:12:14]} 10... Qe7 {[%clk 1:16:23]} 11. O-O {[%clk 1:11:50]} 11... Rfe8
{[%clk 1:15:59]} 12. Bxe6 {[%clk 1:06:59]} 12... Qxe6 {[%clk 1:14:50]} 13. Nce2
{[%clk 1:02:07]} 13... Nxe2+ {[%clk 1:13:36]} 14. Qxe2 {[%clk 1:01:59]} 14...
Nd7 {[%clk 1:11:43]} 15. Nf5 {[%clk 1:01:44]} 15... Qg6 {[%clk 1:11:02]} 16.
Qf3 {[%clk 0:59:40]} 16... Nf8 {[%clk 1:10:04]} 17. h4 {[%clk 0:57:12]} 17...
Ne6 {[%clk 1:10:14]} 18. c3 {[%clk 0:57:09]} 18... c6 {[%clk 1:09:33]} 19. Be3
{[%clk 0:52:57]} 19... Bxe3 {[%clk 1:09:43]} 20. fxe3 {[%clk 0:49:35]} 20...
Rad8 {[%clk 1:09:53]} 21. c4 {[%clk 0:44:43]} 21... Nc5 {[%clk 1:09:48]} 22.
Qe2 {[%clk 0:37:47]} 22... a6 {[%clk 1:06:54]} 23. b4 {[%clk 0:36:45]} 23...
Ne6 {[%clk 1:06:58]} 24. a4 {[%clk 0:33:30]} 24... Nc7 {[%clk 1:06:28]} 25. Ra2
{[%clk 0:32:10]} 25... d5 {[%clk 1:06:25]} 26. Rd2 {[%clk 0:32:05]} 26... dxe4
{[%clk 1:06:33]} 27. dxe4 {[%clk 0:32:25]} 27... Rxd2 {[%clk 1:06:16]} 28. Qxd2
{[%clk 0:32:46]} 28... Qe6 {[%clk 1:05:11]} 29. Qd6 {[%clk 0:30:53]} 29... Na8
{[%clk 1:03:10]} 30. Qxe6 {[%clk 0:29:07]} 30... Rxe6 {[%clk 1:03:25]} 31. c5 {
[%clk 0:28:35]} 31... f6 {[%clk 1:03:00]} 32. Rd1 {[%clk 0:28:49]} 32... Re8 {
[%clk 1:02:44]} 33. Rd7 {[%clk 0:29:03]} 1-0

[Event "DEM U10w 2018"]
[Site "Willingen GER"]
[Date "2018.05.26"]
[Round "11"]
[White "Czäczine, Laura"]
[Black "Pröttel, Ela"]
[Result "0-1"]
[Termination "normal"]
[Board "6"]
[WhiteElo "1171"]
[BlackElo "1125"]
[WhiteClock "00:23:40"]
[BlackClock "00:00:46"]
[PlyCount "68"]
[WhiteFideId "16211448"]
[BlackFideId "44582749"]
[EventCountry "GER"]
[EventRounds "11"]
[EventType "swiss"]
[EventDate "2018.05.19"]

1. e4 {[%clk 1:15:56]} 1... c5 {[%clk 1:15:53]} 2. Nf3 {[%clk 1:16:13]} 2... d6
{[%clk 1:15:59]} 3. d4 {[%clk 1:16:24]} 3... cxd4 {[%clk 1:16:18]} 4. c3 {
[%clk 1:16:33]} 4... d3 {[%clk 1:16:37]} 5. Bxd3 {[%clk 1:16:39]} 5... Nc6 {
[%clk 1:16:41]} 6. O-O {[%clk 1:15:59]} 6... g6 {[%clk 1:17:00]} 7. Qe2 { [%clk
1:13:19]} 7... Bg7 {[%clk 1:16:42]} 8. Rd1 {[%clk 1:11:19]} 8... Qc7 { [%clk
1:06:06]} 9. Bf4 {[%clk 1:04:12]} 9... e5 {[%clk 1:03:47]} 10. Be3 { [%clk
1:04:09]} 10... Nf6 {[%clk 1:03:16]} 11. c4 {[%clk 1:01:21]} 11... O-O { [%clk
1:01:04]} 12. Nc3 {[%clk 1:00:32]} 12... Bg4 {[%clk 0:57:09]} 13. h3 { [%clk
0:57:09]} 13... Bxf3 {[%clk 0:56:17]} 14. Qxf3 {[%clk 0:57:11]} 14... Qd7
{[%clk 0:54:55]} 15. Bg5 {[%clk 0:50:34]} 15... Qe6 {[%clk 0:49:46]} 16. Bxf6 {
[%clk 0:50:05]} 16... Qxf6 17. Qe3 {[%clk 0:49:16]} 17... Rac8 {[%clk 0:34:37]}
18. Nd5 {[%clk 0:47:13]} 18... Qe6 {[%clk 0:28:49]} 19. Rac1 {[%clk 0:43:40]}
19... b6 {[%clk 0:22:34]} 20. Rc3 {[%clk 0:38:22]} 20... Nd4 {[%clk 0:12:59]}
21. Ra3 21... Qd7 {[%clk 0:11:46]} 22. Rc1 {[%clk 0:29:33]} 22... f5 { [%clk
0:08:25]} 23. Rcc3 {[%clk 0:27:53]} 23... f4 {[%clk 0:08:10]} 24. Qd2 { [%clk
0:27:40]} 24... f3 {[%clk 0:05:12]} 25. Bf1 {[%clk 0:27:36]} 25... fxg2 { [%clk
0:04:54]} 26. Bxg2 {[%clk 0:27:47]} 26... Rf7 {[%clk 0:04:25]} 27. Rg3 { [%clk
0:25:41]} 27... Rcf8 {[%clk 0:04:01]} 28. Qd3 {[%clk 0:24:40]} 28... Rxf2
{[%clk 0:03:29]} 29. b4 {[%clk 0:24:15]} 29... Ne2+ {[%clk 0:03:32]} 30. Kh2 {
[%clk 0:24:26]} 30... Nxg3 {[%clk 0:03:42]} 31. Kxg3 {[%clk 0:24:33]} 31... Qf7
{[%clk 0:02:40]} 32. Qd1 {[%clk 0:24:32]} 32... h5 {[%clk 0:01:29]} 33. Bf3 {
[%clk 0:24:21]} 33... Rb2 {[%clk 0:00:54]} 34. Be2 {[%clk 0:23:40]} 34... Qf2#
{[%clk 0:00:46]} 0-1

[Event "DEM U10w 2018"]
[Site "Willingen GER"]
[Date "2018.05.26"]
[Round "11"]
[White "Oellrich, Emma"]
[Black "Bako, Evelin"]
[Result "1-0"]
[Termination "normal"]
[Board "7"]
[WhiteElo "1162"]
[BlackElo "971"]
[WhiteClock "00:11:18"]
[BlackClock "00:43:54"]
[PlyCount "67"]
[WhiteFideId "16268806"]
[BlackFideId "16271823"]
[EventCountry "GER"]
[EventRounds "11"]
[EventType "swiss"]
[EventDate "2018.05.19"]

1. e4 {[%clk 1:15:56]} 1... e5 {[%clk 1:15:54]} 2. Nf3 {[%clk 1:16:02]} 2...
Nf6 {[%clk 1:16:17]} 3. Nxe5 {[%clk 1:16:22]} 3... d6 {[%clk 1:16:36]} 4. Nf3 {
[%clk 1:16:32]} 4... Nxe4 {[%clk 1:16:59]} 5. Nc3 {[%clk 1:16:24]} 5... Nf6 {
[%clk 1:17:04]} 6. d4 {[%clk 1:16:13]} 6... d5 {[%clk 1:17:26]} 7. Be3 { [%clk
1:15:02]} 7... Bb4 {[%clk 1:17:04]} 8. Bd3 {[%clk 1:10:15]} 8... Bg4 { [%clk
1:13:17]} 9. a3 {[%clk 1:08:29]} 9... Ba5 {[%clk 1:13:30]} 10. b4 { [%clk
1:08:29]} 10... Bb6 {[%clk 1:13:29]} 11. h3 {[%clk 1:07:02]} 11... Bxf3 { [%clk
1:13:43]} 12. Qxf3 {[%clk 1:05:59]} 12... Nbd7 {[%clk 1:11:50]} 13. Nxd5 {[%clk
1:04:17]} 13... Nxd5 {[%clk 1:11:46]} 14. Qxd5 {[%clk 1:02:30]} 14... c6 {[%clk
1:08:39]} 15. Qe4+ {[%clk 1:00:04]} 15... Kf8 {[%clk 1:08:05]} 16. c4 { [%clk
0:56:15]} 16... Nf6 {[%clk 1:06:53]} 17. Qh4 {[%clk 0:50:15]} 17... c5 { [%clk
1:04:30]} 18. bxc5 {[%clk 0:47:03]} 18... Bxc5 {[%clk 1:04:11]} 19. Be4 { [%clk
0:41:03]} 19... Be7 {[%clk 1:03:34]} 20. Bxb7 {[%clk 0:37:56]} 20... Rb8 {[%clk
1:03:05]} 21. Bf3 {[%clk 0:36:18]} 21... Qa5+ {[%clk 1:00:39]} 22. Bd2 { [%clk
0:33:51]} 22... Qc7 {[%clk 1:00:24]} 23. Be2 23... Nd7 {[%clk 0:55:28]} 24. Qf4
{[%clk 0:27:10]} 24... Bd6 {[%clk 0:55:22]} 25. Qf3 {[%clk 0:25:07]} 25... g6
{[%clk 0:53:00]} 26. Bh6+ {[%clk 0:18:43]} 26... Kg8 {[%clk 0:52:52]} 27. c5
{[%clk 0:16:43]} 27... Nxc5 {[%clk 0:51:23]} 28. dxc5 {[%clk 0:16:07]} 28...
Bxc5 {[%clk 0:51:27]} 29. O-O {[%clk 0:14:52]} 29... Rc8 {[%clk 0:48:17]} 30.
Rac1 {[%clk 0:11:18]} 30... Qd8 {[%clk 0:43:54]} 31. Rfd1 {[%clk 0:11:18]}
31... Qa5 {[%clk 0:43:54]} 32. Qf6 {[%clk 0:11:18]} 32... Bf8 {[%clk 0:43:54]}
33. Rxc8 {[%clk 0:11:18]} 33... Qxa3 {[%clk 0:43:54]} 34. Qg7# {[%clk 0:11:18]}
1-0

[Event "DEM U10w 2018"]
[Site "Willingen GER"]
[Date "2018.05.26"]
[Round "11"]
[White "Schwenke, Mia"]
[Black "Loos, Tilda"]
[Result "0-1"]
[Termination "normal"]
[Board "8"]
[WhiteElo "1062"]
[BlackElo "1091"]
[WhiteClock "00:00:53"]
[BlackClock "00:57:34"]
[PlyCount "58"]
[WhiteFideId "16263332"]
[BlackFideId "34620559"]
[EventCountry "GER"]
[EventRounds "11"]
[EventType "swiss"]
[EventDate "2018.05.19"]

1. e4 {[%clk 1:15:58]} 1... c5 {[%clk 1:15:58]} 2. Nf3 {[%clk 1:16:23]} 2... e6
{[%clk 1:16:19]} 3. d4 {[%clk 1:16:49]} 3... cxd4 {[%clk 1:16:36]} 4. Nxd4 {
[%clk 1:17:13]} 4... Nf6 {[%clk 1:16:53]} 5. Nc3 {[%clk 1:17:38]} 5... Nc6 {
[%clk 1:17:04]} 6. Be3 {[%clk 1:18:00]} 6... Bb4 {[%clk 1:15:26]} 7. Bd3 {
[%clk 1:18:16]} 7... e5 {[%clk 1:15:14]} 8. Nf5 {[%clk 1:17:37]} 8... g6 {
[%clk 1:13:01]} 9. Ng7+ {[%clk 1:17:53]} 9... Kf8 {[%clk 1:13:10]} 10. Bh6 {
[%clk 1:18:11]} 10... Kg8 {[%clk 1:12:41]} 11. O-O {[%clk 1:16:10]} 11... Bf8 {
[%clk 1:11:37]} 12. g4 {[%clk 0:51:03]} 12... Bxg7 {[%clk 1:11:35]} 13. g5 {
[%clk 0:46:29]} 13... Nd4 {[%clk 1:08:07]} 14. Bxg7 {[%clk 0:33:24]} 14... Kxg7
{[%clk 1:08:23]} 15. gxf6+ {[%clk 0:33:04]} 15... Qxf6 {[%clk 1:08:39]} 16. f3
{[%clk 0:31:18]} 16... h5 {[%clk 1:07:26]} 17. Nd5 {[%clk 0:30:11]} 17... Qg5+
{[%clk 1:06:56]} 18. Kh1 {[%clk 0:30:19]} 18... h4 {[%clk 1:06:57]} 19. Rg1 {
[%clk 0:29:11]} 19... Qh5 {[%clk 1:07:17]} 20. Be2 {[%clk 0:25:26]} 20... h3 {
[%clk 1:05:30]} 21. c3 {[%clk 0:23:44]} 21... Nxe2 {[%clk 1:04:23]} 22. Qxe2 {
[%clk 0:24:04]} 22... b6 {[%clk 1:03:16]} 23. Qf2 {[%clk 0:23:15]} 23... Bb7 {
[%clk 1:01:34]} 24. Raf1 {[%clk 0:06:44]} 24... Kf8 {[%clk 1:00:40]} 25. f4 {
[%clk 0:03:58]} 25... f5 {[%clk 0:59:32]} 26. Nc7 {[%clk 0:00:39]} 26... fxe4 {
[%clk 0:59:40]} 27. fxe5+ {[%clk 0:00:54]} 27... Kg7 {[%clk 0:57:51]} 28. Qf6+
{[%clk 0:00:50]} 28... Kh6 {[%clk 0:57:44]} 29. Rf5 {[%clk 0:00:53]} 29... e3+
{[%clk 0:57:34]} 0-1